| 000 | 00725cam a22002533a 4500 | ||
|---|---|---|---|
| 001 | 2666 | ||
| 003 | PGUSA | ||
| 005 | 20140828083020.0 | ||
| 008 | 040929s2004||||xxu|||||s|||||000 p eng d | ||
| 040 |
_aPGUSA _beng |
||
| 042 | _adc | ||
| 050 | 4 | _aPS | |
| 100 | 1 |
_aHolmes, Oliver Wendell, _d1809-1894 |
|
| 245 | 1 | 4 |
_aThe Poet at the Breakfast-Table _h[electronic resource] / _cOliver Wendell Holmes |
| 260 |
_bProject Gutenberg, _c2004 |
||
| 506 | _aPublic domain in the USA. | ||
| 516 | _aElectronic text | ||
| 653 | _aPoetry | ||
| 653 | _aConversation -- Fiction | ||
| 653 | _aAmerican fiction -- 19th century | ||
| 830 | 0 |
_aProject Gutenberg _v2666 |
|
| 856 | 4 | 0 | _uhttp://www.gutenberg.org/ebooks/2666 |
| 942 | _cEB | ||
| 999 |
_c231999 _d231999 |
||